| 000 | 00717nam a22002417a 4500 | ||
|---|---|---|---|
| 001 | 32177 | ||
| 003 | UA-OsUOA | ||
| 005 | 20210920201614.0 | ||
| 007 | ta | ||
| 008 | 20050125b un ||||| |||| 00| 0 ukr d | ||
| 040 |
_aUA-OsUOA _brus _cUA-OsUOA _dUA-OsUOA |
||
| 041 | _arus | ||
| 044 | _aUA | ||
| 080 | _a94(477).022 | ||
| 090 |
_a94(477).022 _bТ52 |
||
| 100 | _aТолочко П. П. | ||
| 245 |
_aДревняя Русь: очерки социально-политической истории _cП. П. Толочко ; ред. В. С. Горский |
||
| 260 |
_aКиев _bНаукова думка _c1987 |
||
| 300 |
_a246 с. _bІлюстрації |
||
| 650 | 7 | _2UDC | |
| 942 |
_cBK _2udc |
||
| 955 | _a0 | ||
| 999 |
_c318616 _d318616 |
||